UBT Library

The 5-minute veterinary consult clinical companion : (Record no. 43871)

000 -LEADER
fixed length control field 00776cam a22002414a 4500
001 - CONTROL NUMBER
control field 12454045
005 - DATE AND TIME OF LATEST TRANSACTION
control field 20180301083900.0
008 - FIXED-LENGTH DATA ELEMENTS--GENERAL INFORMATION
fixed length control field 010627s2002 paua f 001 0 eng
010 ## - LIBRARY OF CONGRESS CONTROL NUMBER
LC control number 2001038313
020 ## - INTERNATIONAL STANDARD BOOK NUMBER
International Standard Book Number 0683305743
040 ## - CATALOGING SOURCE
Original cataloging agency DLC
Transcribing agency DLC
Modifying agency DLC
041 ## - LANGUAGE CODE
Language code of text/sound track or separate title eng
042 ## - AUTHENTICATION CODE
Authentication code pcc
080 ## - UNIVERSAL DECIMAL CLASSIFICATION NUMBER
Universal Decimal Classification number 636.708
082 00 - DEWEY DECIMAL CLASSIFICATION NUMBER
Classification number 636.708 RHO
Edition number 21
100 1# - Rafti
Rafti 7
101 ## - Shkurtesa
Shkurtesa ZOO
245 14 - TITLE STATEMENT
Title The 5-minute veterinary consult clinical companion :
Statement of responsibility, etc Karen Helton Rhodes.
246 3# - VARYING FORM OF TITLE
Title proper/short title Five minute veterinary consult clinical companion
906 ## - LOCAL DATA ELEMENT F, LDF (RLIN)
a 7
b cbc
c orignew
d 1
e ocip
f 20
g y-gencatlg
942 ## - ADDED ENTRY ELEMENTS (KOHA)
Source of classification or shelving scheme
Item type Books
Holdings
Withdrawn status Lost status Source of classification or shelving scheme Damaged status Not for loan Collection code Permanent location Current location Shelving location Date acquired Total Checkouts Full call number Barcode Date last seen Price effective from Koha item type
          Koleksioni i përgjithshem UBT - Lipjan UBT - Lipjan Koleksioni i përgjithshem 03/01/2018   636.708 RHO 002-3000642 03/01/2018 03/01/2018 Books
UBT Library © 2015-2024. All rights reserved University Education for Business and Technology